| 000 | 00825nam a2200229Ia 4500 | ||
|---|---|---|---|
| 003 | OSt | ||
| 005 | 20220923221938.0 | ||
| 006 | a|||||r|||| 00| 0 | ||
| 007 | ta | ||
| 008 | 220922b |||||||| |||| 00| 0 hin d | ||
| 024 | _a201,304 | ||
| 037 | _cTextual | ||
| 040 |
_aARTS _cARTS _bhin |
||
| 041 |
_2hin _ahin |
||
| 082 | _aV2:2vN75, 152L7 | ||
| 100 |
_aनैैयर, कुलदीप _9156318 |
||
| 245 | 0 | _aफैसला* इमर्जेंसी का कच्चा चिटठा, मानसकश्यप अनु | |
| 246 | _aFaisalā: imarjeansī kā kachchā chiṭaṭhā, mānasakashyap anu0 | ||
| 260 |
_aदिल्ली _b राधाकृष्ण _c1977 |
||
| 942 |
_hV2:2vN75, 152L7 _cTEXL _2CC |
||
| 999 |
_c352957 _d352957 |
||